| 000 | 00585nam 22001933 4500 | ||
|---|---|---|---|
| 001 | 5933 | ||
| 010 | _a9726625114 | ||
| 090 | _a5933 | ||
| 100 | _a20211231d1996 u||y0pory50 ba | ||
| 200 |
_aBreve história do tempo ilustrada _fStephen Hawking _gtrad. Maria Alice Gomes da Costa |
||
| 210 |
_aLisboa _cGradiva _d1996 |
||
| 215 |
_a248 p. _cil. |
||
| 606 |
_95618 _aCiências Exatas _xAstronomia |
||
| 675 |
_a52 _vBN _zpor |
||
| 700 |
_95619 _aHawking _bStephen _f1942-2018 |
||
| 702 |
_95620 _aCosta _bMaria Alice Gomes da |
||
| 801 |
_aPT _bBMVN _gRPC |
||
| 830 |
_cTânia Croca _d31/12/2021 |
||
| 990 | _cLIVROS | ||